[Event "Maastricht Limburg op-B 4th"]
[Site "Maastricht"]
[Date "2010.05.24"]
[Round "7"]
[White "Hill, Nick"]
[Black "Verhelst, Henk"]
[Result "1-0"]
[WhiteElo "1773"]
[BlackElo "1710"]
[PlyCount "107"]
[EventDate "2010.05.21"]
[EventType "swiss"]
[EventRounds "7"]
[EventCountry "NED"]
[SourceTitle "EXT 2011"]
[Source "ChessBase"]
[SourceDate "2010.11.26"]
[SourceVersion "1"]
[SourceVersionDate "2010.11.26"]
[SourceQuality "1"]

1. d4 f5 2. c4 Nf6 3. g3 e6 4. Bg2 d5 5. Nf3 c6 6. 0-0 Bd6 7. b3 Ne4 8. Ne5 Nd7 9. f3 Nxg3 10. hxg3 Nxe5 11. e4 0-0 12. f4 Nf7 13. e5 Be7 14. Ba3 Kh8 15. Bxe7 Qxe7 16. Nd2 b6 17. Qh5 Ba6 18. Kf2 g6 19. Qf3 h5 20. Rh1 Kg7 21. Qc3 Rac8 22. Nf3 Rfd8 23. Bf1 c5 24. dxc5 Qxc5+ 25. Qe3 dxc4 26. Rc1 b5 27. bxc4 bxc4 28. Be2 Nh6 29. Qxc5 Rxc5 30. Ng5 Bc8 31. Rc2 Ng4+ 32. Bxg4 fxg4 33. Rhc1 Rd4 34. Rb1 Rc6 35. Rb8 Bd7 36. Rd8 Rc7 37. Nxe6+ Bxe6 38. Rxd4 Kf7 39. Rc3 Ke7 40. Rd6 Kf7 41. Ke3 Ke7 42. Kd4 Kf7 43. Ra3 Ke7 44. Kc3 h4 45. gxh4 g3 46. Raa6 Bh3 47. Rxg6 g2 48. Rg3 Bc8 49. Rag6 Bb7 50. Rg7+ Kd8 51. Rg8+ Kd7 52. R3g7+ Kc6 53. Rxg2 Kc5 54. R2g7 1-0

[Event "Maastricht Limburg op-B 4th"]
[Site "Maastricht"]
[Date "2010.05.22"]
[Round "3"]
[White "Hill, Nick"]
[Black "Van Herck, Rob"]
[Result "1/2-1/2"]
[WhiteElo "1773"]
[BlackElo "1809"]
[PlyCount "120"]
[EventDate "2010.05.21"]
[EventType "swiss"]
[EventRounds "7"]
[EventCountry "NED"]
[SourceTitle "EXT 2011"]
[Source "ChessBase"]
[SourceDate "2010.11.26"]
[SourceVersion "1"]
[SourceVersionDate "2010.11.26"]
[SourceQuality "1"]

1. d4 Nf6 2. Nf3 g6 3. Bf4 Bg7 4. Nc3 0-0 5. e4 d6 6. Qd2 Nbd7 7. Bh6 e5 8. 0-0-0 Re8 9. Bxg7 Kxg7 10. Bc4 Nb6 11. Bb5 Bd7 12. dxe5 dxe5 13. Bxd7 Nbxd7 14. Qe2 a6 15. Nd5 Nxd5 16. Rxd5 Qc8 17. Rhd1 Nb6 18. Rc5 f6 19. Qd3 c6 20. Qb3 Qc7 21. Rc3 Rad8 22. Rcd3 Rxd3 23. Qxd3 Re7 24. Qd8 Qxd8 25. Rxd8 Rd7 26. Rxd7+ Nxd7 27. Nd2 f5 28. Nc4 Kf6 29. Nd6 Nc5 30. exf5 gxf5 31. b4 Na4 32. Nxb7 Nc3 33. Kd2 Ne4+ 34. Ke3 Nc3 35. Nc5 Nd5+ 36. Kd2 Nxb4 37. a3 Nd5 38. Nxa6 e4 39. Nb4 Nb6 40. Kc3 c5 41. Na6 Nd5+ 42. Kd2 c4 43. c3 Ke5 44. a4 f4 45. a5 e3+ 46. fxe3 fxe3+ 47. Ke2 Kf4 48. g3+ Kg4 49. Nb4 Nxc3+ 50. Kxe3 Nb5 51. Kf2 Kh3 52. Kf3 h5 53. a6 Kxh2 54. g4 hxg4+ 55. Kxg4 Kg2 56. Kf4 Kf2 57. Ke4 Ke2 58. Nc2 Kd2 59. Na3 Nxa3 60. a7 c3 1/2-1/2

[Event "Maastricht Limburg op-B 4th"]
[Site "Maastricht"]
[Date "2010.05.21"]
[Round "1"]
[White "Hill, Nick"]
[Black "Singh, Marcel"]
[Result "0-1"]
[WhiteElo "1773"]
[BlackElo "1917"]
[PlyCount "113"]
[EventDate "2010.05.21"]
[EventType "swiss"]
[EventRounds "7"]
[EventCountry "NED"]
[SourceTitle "EXT 2011"]
[Source "ChessBase"]
[SourceDate "2010.11.26"]
[SourceVersion "1"]
[SourceVersionDate "2010.11.26"]
[SourceQuality "1"]

1. d4 e5 2. dxe5 Nc6 3. Nf3 Qe7 4. Nc3 Nxe5 5. e4 Nxf3+ 6. Qxf3 Qf6 7. Be2 Bb4 8. Bd2 Qxf3 9. Bxf3 Ne7 10. 0-0 0-0 11. a3 Ba5 12. b4 Bb6 13. Nd5 Nxd5 14. exd5 Bd4 15. Rad1 d6 16. c3 Bf6 17. c4 Bf5 18. Be3 a5 19. b5 b6 20. Bd4 Bxd4 21. Rxd4 Rfe8 22. h4 h6 23. g4 Bg6 24. Kh2 Re5 25. Kg3 Rae8 26. Rc1 Re1 27. Rc3 Kf8 28. Kg2 f6 29. Kg3 Kf7 30. Kg2 Bb1 31. Kg3 Rg1+ 32. Kh2 Ree1 33. Re3 Rxe3 34. fxe3 Re1 35. Be4 Ba2 36. h5 Rxe3 37. Bg6+ Ke7 38. Kg2 Bb3 39. Kf2 Re5 40. Kf3 Re1 41. Kf2 Re5 42. Bb1 f5 43. Bxf5 Kf6 44. Bb1 Kg5 45. Bg6 Re7 46. Bf5 Rf7 47. Kg3 Re7 48. Kf2 Re5 49. Bg6 Kh4 50. Bb1 Re8 51. Bf5 Rf8 52. Kg2 Rf7 53. Bg6 Re7 54. Kf2 Ba2 55. Bd3 Kg5 56. Bc2 Re5 57. Bh7 0-1